Geografia Polski dla głupich - Statystyki

Ogólne statystyki
  • Ten quiz został rozwiązany 15 601 razy
  • Średni wynik to 12 z 15
Statystyki odpowiedzi
Zagadnienie Odpowiedź % Poprawnych
Jak nazywa się jedyne morze, z którym Polska graniczy? Morze Bałtyckie
98%
Jak nazywa się stolica Polski? Warszawa
98%
Z którym z tych państw Polska nie graniczy? Austria
97%
Które z tych miast leży w Polsce? Łódź
96%
Jak nazywa się najwyższa góra Polski? Rysy
95%
Jak nazywa się najdłuższa rzeka, która przepływa przez Polskę? Wisła
95%
Jak nazywają się dwa główne łańcuchy górskie w Polsce? Sudety i Karpaty
92%
Jak nazywa się największe jezioro w Polsce? Śniardwy
87%
Polska w pierwszym stopniu dzieli się na województwa. Na co dzielą się województwa? Powiaty
86%
Jak nazywa się województwo, którego stolicą są Katowice? śląskie
86%
Jak nazywa się najbardziej znany polski półwysep? helski
85%
Jak nazywają się dwie główne wyspy Polski? Uznam i Wolin
75%
Z jakim państwem Polska dzieli najdłuższą granicę? Czechy
45%
Jak nazywa się rzeka, która wyznacza granicę z Niemcami na południu? Nysa Łużycka
45%
Jak nazywa się największy polski park narodowy? Biebrzański
37%
Nie znaleziono quizów pasujących do podanych kryteriów
Rozkład punktacji
Procent ludzi z każdym wynikiem
Percentyl według liczby udzielonych odpowiedzi
Twoja historia wyników
Nie rozwiązałeś tego quizu